Normal view MARC view
  • DISCAPACIDAD MOTORA

Entry Materia

Number of records used in: 4

001 - NÚMERO DE CONTROL DEL REGISTRO

  • campo de control: 12941

003 - IDENTIFICADOR DE NUMERO DE CONTROL

  • campo de control: UPN

005 - FECHA Y HORA DE LA ÚLTIMA TRANSACCIÓN

  • campo de control: 20210219193811.0

008 - DATOS DE LONGITUD FIJA

  • campo de control de longitud fija: nabaccnnaabn|||||||||| b |nc|||||d

035 ## - NÚMERO DE CONTROL DEL SISTEMA

  • Número de control del sistema: UPN10000012949

040 ## - FUENTE DE LA CATALOGACIÓN

  • Lengua de catalogación: SPA
  • Agencia de transcripción: UPN

150 ## - ENCABEZAMIENTO - TEMÁTICO

  • Término de materia o nombre geográfico como elemento inicial: DISCAPACIDAD MOTORA

450 ## - VÉASE - MATERIA

  • Encabezamiento temático: Discapacidad física

450 ## - VÉASE - MATERIA

  • Encabezamiento temático: Discapacidad motórica

450 ## - VÉASE - MATERIA

  • Encabezamiento temático: Deficiencias motrices

670 ## - FUENTE EN LA QUE SE LOCALIZARON DATOS

  • Cita de la fuente: T
  • Identificador Uniforme del Recurso: http://www.cilsa.co.ar/web_espanol/discapacidad/motora.asp

902 ## - CATALOGADOR

  • Catalogador: BDV/310303